000 00685nam a2200205 i 4500
001 105816
003 ES-MaACL
005 20230906184000.0
007 t|
008 060830s1957 sp ||||1| spa d
080 _a791.53(460)
100 1 _aVarey, J. E.
_9113184
245 1 0 _aHistoria de los títeres en España
_b: (desde sus orígenes hasta mediados del siglo XVIII) /
_cJ.E. Varey.
260 _aMadrid :
_bRevista de Occidente,
_c[1957]
300 _aVIII, 493 p., 15 h. de lám. ;
_c20 cm.
650 4 _aTíteres.
_9171946
650 4 _aTeatro de títeres-
_zEspaña.
_917338
852 4 _aES-MaACL
_jAND-633
_z- Biblioteca Juan Andrade.
852 4 _aES-MaACL
_jC-12213
999 _c105816
_d105816